7 dotykov s- Mariánom Grupačom

Bibliographic Details
Main Authors: Dzúrik, Michal (ain), Grupač, Marián, 1973- (Author)
Format: Article
Language:Slovak
PhysicalDescription:Fotogr.
Subjects:

MARC

LEADER 00000nab a2200000 a 4500
001 vtls000673389
003 SK-MaSNL
005 20260304094827.0
008 250425c1998 xo 0 slo
015 |a SNBRB1998/10-27759 
035 |a CLN000025565 
035 |a urn:nbn:sk:snk-abbs4u 
035 |a (urnnbn)urn:nbn:sk:snk:ar-003j42 
035 |a (uuid)946675a5-59e4-4753-9ce6-b509d05d3c54 
040 |a SNKBUCL  |b slo  |c SNKBUCL  |e AACR2 
041 0 |a slo 
044 |a xo  |c SK 
080 |a 82:929:885.4  |2 1997 
080 |a 885.4:929  |2 1997 
100 1 |a Dzúrik, Michal  |4 ain  |9 896160 
245 1 0 |a 7 dotykov s- Mariánom Grupačom  |c zhováral sa Michal Dzúrik 
246 1 3 |a Sedem dotykov s- Mariánom Grupačom 
300 |b Fotogr. 
505 1 |a Súčasťou článku báseň Odkrižuj sa 
600 1 7 |a Grupač, Marián,  |d 1973-  |2 snkbucl  |9 88309 
655 7 |a články z novín a časopisov  |2 snkbucl  |9 267496 
700 1 |a Grupač, Marián,  |d 1973-  |4 aut  |9 88309 
773 0 |t Dotyky  |g Roč. 10, č. 6 (1998), s. 44-45 
850 |a Slovenská národná knižnica 
852 |a Slovenská národná knižnica 
958 |a article15 
958 |a OND 
958 |a LX 
958 |a SK 
958 |a EUIPO 
992 |a RBX 
999 |c 2829172  |d 2831102